[Event "GER-ch 77th"]
[Site "Osterburg"]
[Date "2006.02.11"]
[Round "9"]
[White "Sprenger, Jan Michael"]
[Black "Kaeser, Udo"]
[Result "1-0"]
[WhiteElo "2505"]
[BlackElo "2343"]
[Annotator "Finkel,A"]
[PlyCount "69"]
[EventDate "2006.02.03"]
[EventType "swiss"]
[EventRounds "9"]
[EventCountry "GER"]
[SourceTitle "CBM 112"]
[Source "ChessBase"]
[SourceDate "2006.06.07"]
[SourceVersion "1"]
[SourceVersionDate "2006.06.07"]
[SourceQuality "1"]

1. e4 e5 2. Nf3 Nc6 3. Bb5 a6 4. Ba4 Nf6 5. O-O Be7 6. Re1 b5 7. Bb3 d6 8. c3
O-O 9. d4 Bg4 10. Be3 exd4 11. cxd4 Na5 12. Bc2 c5 13. h3 Bxf3 14. Qxf3 Nc4 (
14... cxd4 {Grischuk - Tkachiev, France 2003.}) 15. dxc5 dxc5 16. Nc3 Nd7 17.
Bf4 (17. Nd5 Bg5 18. Bxg5 Qxg5 19. b3 Na3 20. Bd3 c4 21. bxc4 bxc4 22. Bb1 Qe5
{Grischuk,A-Golod,V/Dos Hermanas 2003}) 17... Nxb2 $6 {It looks like this
capture leaves White with more than sufficient compensation for the pawn.} (
17... Nde5 18. Bxe5 Nxe5 19. Qg3 Nc6 20. Rad1 Nd4 21. e5 $14 {Grischuk,A-Socko,
B/4th IECC, Istanbul TUR 2003}) 18. Nd5 Rc8 {[%csl Ra6,Rc8]} (18... Ra7 19. e5
Bg5 20. Qe4 (20. e6 fxe6 21. Qe4 g6 22. Qxe6+ Kg7 23. Qg4 Bf6 24. Bd6 Rf7 25.
Nf4 Kh8 $13) 20... g6 21. Bxg5 Qxg5 22. Bb3 c4 23. Qd4 $36) 19. e5 {Not a bad
try, but White could have increased his advantage by the simple} (19. Qa3 $1
Nc4 20. Qxa6 Ndb6 21. Qxb5 Na3 22. Nxe7+ Qxe7 23. Qe2 $16) 19... c4 (19... Bg5
$2 20. Qh5 h6 21. Bxg5 Qxg5 22. Qxg5 hxg5 23. Ne7+ Kh8 24. Nxc8 Rxc8 25. Bf5
$18) 20. e6 $6 {Misplaying in a very complicated position. After the move in
the game the position is highly unclear.} (20. Qg4 $142 $1 Nc5 21. Bh6 (21.
Qxc8 $6 Qxd5 22. Qg4 Re8 23. Re3 Nbd3 $13) 21... Ne6 22. Nf4 $1 (22. Bf5 Bg5
23. Bxe6 fxe6 (23... Bxh6 24. Bxc8 Qxd5 25. e6 $1 $18) 24. Qxe6+ Kh8 25. Bxg5
Qxg5 $36) 22... Ng5 23. h4 $16) 20... Nf6 $13 (20... fxe6 21. Qe4 $18) 21.
Nxe7+ Qxe7 22. Bf5 Rfe8 $5 {Black doesn't have to sacrifice the exchange as
after} (22... Rce8 23. Be5 Nd3 24. Bxd3 cxd3 25. Bxf6 gxf6 26. exf7+ Qxf7 27.
Qxd3 Rxe1+ 28. Rxe1 Re8 $11 {he is perfectly safe.}) 23. exf7+ Qxf7 24. Bxc8
Rxc8 25. Qa3 Nd3 26. Re7 Qd5 (26... Qf8 27. Bd6 Nd5 28. Re2 Qf6 29. Qxa6 Rf8
30. Qxb5 Qxd6 31. Qxc4 N3f4 32. Rd2 $13) 27. Qxa6 Ra8 $6 {Black should've
traded the queens instead of the rooks!} (27... Qc6 $1 28. Qxc6 Rxc6 29. Be5 c3
30. Bxf6 gxf6 31. Rd7 c2 32. Rxd3 c1=Q+ 33. Rxc1 Rxc1+ 34. Kh2 Rc2 $11) 28. Ra7
Nxf4 $2 {After another mistake there is no way back.} (28... Rxa7 29. Qxa7 Nd7
(29... Nxf4 30. Qb8+ Kf7 31. Qxf4 $16) 30. Be3 b4 31. Qc7 $14) 29. Rxa8+ Kf7
30. Ra7+ Kg6 31. Qb7 $18 Kf5 32. g4+ Ke5 33. Qe7+ Ne6 34. Re1+ Ne4 35. Ra6 1-0

[Event "POL-ch 63rd"]
[Site "Krakow"]
[Date "2006.03.08"]
[Round "12"]
[White "Bartel, Mateusz"]
[Black "Warakomski, Tomasz"]
[Result "1-0"]
[WhiteElo "2524"]
[BlackElo "2430"]
[Annotator "Finkel,A"]
[PlyCount "75"]
[EventDate "2006.02.25"]
[EventType "tourn"]
[EventRounds "13"]
[EventCountry "POL"]
[EventCategory "12"]
[SourceTitle "CBM 112"]
[Source "ChessBase"]
[SourceDate "2006.06.07"]
[SourceVersion "1"]
[SourceVersionDate "2006.06.07"]
[SourceQuality "1"]

1. e4 e5 2. Nf3 Nc6 3. Bb5 a6 4. Ba4 Nf6 5. O-O Be7 6. Re1 b5 7. Bb3 d6 8. c3
O-O 9. d4 Bg4 10. a4 {This move is less popular than 10.d5 and 10.Be3, but
it's not that easy for Black to equalize.} Bxf3 11. gxf3 Na5 12. Ba2 c5 13. Na3
cxd4 (13... Qb8 14. f4 cxd4 15. cxd4 Nc6 16. Nc2 bxa4 17. Bb1 Bd8 18. Rxa4 Bb6
19. d5 Ne7 20. f5 Qa7 21. Qf3 Kh8 22. Na3 $16 {Short,N-Sokolov,I/Hoogeveen 2004
}) 14. cxd4 b4 (14... Nc6 $5 15. Nc2 Rc8 16. axb5 axb5 17. d5 Nb8 18. Nb4 Nh5
19. Kh1 Bg5 20. Be3 Bf4 21. Rg1 Qh4 $13 {Bartel,M-Azarov,S/playchess.com INT
2004}) 15. Nc4 b3 16. Nxa5 Qxa5 17. Bxb3 exd4 18. Bc4 $1 {An important
improvement. The idea behind this move is to take on d4 in case of 18...Qh5.} (
18. Kh1 $6 Qh5 19. Rg1 Nd7 20. Bd5 Rab8 21. Ra3 Bf6 22. Qf1 Nc5 23. f4 d3 $1
$36 {Sandipan,C-Shirov,A/Edmonton 2005}) 18... Nd7 $6 {Black reacts very badly,
now White is better on both sides of the board.} (18... Qh5 19. Qxd4 Qxf3 20.
Ra3 Qh5 21. Rg3 Ng4 22. h3 Ne5 23. Be2 Qh4 24. Kg2 $14) (18... d5 $5) 19. f4 $1
$16 {[%csl Gh5]} Bf6 20. Bd2 Qb6 21. a5 Qa7 (21... Qxb2 22. Rb1 Qa3 23. Bb4 Qh3
24. Bxd6 Rfe8 25. Rb3 Qh6 26. e5 $16 Qxf4 $140 $2 27. Bxf7+ $1 $18) 22. b4 g6
23. Qb3 Bg7 24. Rac1 {[%cal Gc4d5,Gc1c6,Ge1c1] Black is in serious troubles.}
Nf6 25. e5 Ne8 (25... d5 26. Bxd5 Nxd5 27. Qxd5 Rfd8 28. Qe4 $16) 26. Bd5 Rd8
27. Rc6 dxe5 28. fxe5 Nc7 29. Bg2 (29. Bc4 $5) 29... d3 30. Qc4 Nb5 31. Qc5 Qd7
$6 (31... Qxc5 32. bxc5 Nd4 33. Rxa6 Ne2+ 34. Kf1 Bxe5 35. Rb6 Bxh2 36. a6 Bf4
37. Rd1 Bxd2 38. Rxd2 $16) 32. Rxa6 Nd4 33. Rd6 Qg4 34. Qxd4 $1 $18 Qxd4 35.
Rxd4 Rxd4 36. a6 Rc4 37. a7 Rc2 38. Be3 1-0

[Event "FIDE-Wch k.o."]
[Site "Tripoli"]
[Date "2004.07.12"]
[Round "7.6"]
[White "Kasimdzhanov, Rustam"]
[Black "Adams, Michael"]
[Result "1/2-1/2"]
[WhiteElo "2652"]
[BlackElo "2731"]
[Annotator "Ftacnik,L"]
[PlyCount "87"]
[EventDate "2004.06.19"]
[EventType "k.o."]
[EventRounds "7"]
[EventCountry "LBY"]
[SourceTitle "CBM 102"]
[Source "ChessBase"]
[SourceDate "2004.09.23"]
[SourceVersion "1"]
[SourceVersionDate "2004.09.23"]
[SourceQuality "1"]

1. e4 e5 2. Nf3 Nc6 3. Bb5 a6 4. Ba4 Nf6 5. O-O Be7 6. Re1 b5 7. Bb3 O-O 8. d4
d6 9. c3 Bg4 10. Be3 exd4 11. cxd4 Na5 12. Bc2 c5 13. h3 cxd4 14. Bxd4 Bh5 15.
g4 Bg6 16. Nc3 Rc8 17. Rc1 Nc6 18. Be3 Nb4 {Black has an uneasy task of
solving the problem of the center. White is exposed on the kingside, but the
square d5 is ideal for the knight.} (18... Re8 19. Nh4 (19. Nd5 Nxd5 20. exd5
Nb8 21. Bf4 Bf8 22. Rxe8 Qxe8 23. Nd4 Bxc2 24. Rxc2 Rxc2 25. Qxc2 Qe1+ 26. Kg2
Nd7 {0-1 Timofeev,A-Bacrot,E/Istanbul 2003/ (84)}) 19... Nd7 20. Nxg6 hxg6 21.
Bb3 (21. Nd5 Bh4 22. Re2 Nf6 23. Bb3 Nxe4 24. Nb6 Nxf2 25. Bxf2 Bxf2+ 26. Rxf2
Qxb6 27. Bxf7+ Kh7 28. Qxd6 {1-0 Dominguez,L-Inarkiev,E/Tripoli 2004/ (32)})
21... Nc5 22. Nd5 Ne5 23. f4 Ned3 24. Bxc5 Nxc5 25. g5 Bf8 26. Qf3 {1-0
Dominguez,L-Inarkiev,E/Tripoli 2004/ (41)}) 19. Bb1 d5 20. e5 (20. exd5 $6 Bxb1
21. Rxb1 Nfxd5 $15) 20... Ne4 21. Ne2 $5 Nc5 (21... Rxc1 22. Qxc1 Qa8 23. a3
Nc6 24. Nf4 $14) 22. Bxc5 Rxc5 23. Rxc5 Bxc5 24. Nf4 Qb6 25. Rf1 {It is not
quite clear white Kasimdzhanov prefers this passive defense instead of the
natural move 25.Re2.} (25. Re2 Bxb1 26. Qxb1 Rd8 27. Ng5 g6 (27... Qh6 28. Qf5
Rf8 29. e6 fxe6 30. Qxe6+ Qxe6 31. Ngxe6 $14) 28. e6 $14) 25... Be4 (25... Bxb1
26. Qxb1 Rd8 27. Ng5 g6 28. e6 $36) 26. a3 Nc6 27. Nxd5 Bxd5 28. Qxd5 Nd4 {
[%mdl 256] The key defensive idea black has to be careful towards white's
attacking potential.} (28... Rd8 $2 29. Bxh7+ $1 Kxh7 30. Ng5+ Kh8 (30... Kg6
31. Qxf7+ Kxg5 32. Qh5+ Kf4 33. Qf5#) 31. Nxf7+ Kh7 32. Ng5+ Kh8 33. Qe4 $18)
29. Kg2 (29. b4 Nxf3+ 30. Qxf3 Bd4 31. e6 Qxe6 32. Qd3 Rd8 33. Qxh7+ Kf8 34.
Be4 $14) 29... Nxf3 30. Qxf3 g6 31. b4 Bd4 32. Qe4 Bb2 33. Rd1 Rd8 (33... Bxa3
34. Ba2 Qa7 35. Rb1 $14) 34. Rxd8+ Qxd8 35. Ba2 Qe7 {Adams has nearly reached
his goal of reducing material with opposite coloured bishops on the oard- with
probable draw.} (35... Bxa3 $2 36. e6 fxe6 37. Qxe6+ Kg7 38. Qb3 $18) 36. e6 (
36. Qa8+ Kg7 37. Qxa6 Qxe5 38. Qb7 Qf4 $14) 36... fxe6 37. Qa8+ Kf7 38. Qxa6
Qd7 39. g5 (39. Bb3 h5 $16) 39... Ke7 40. Qa8 Bd4 41. Qg8 $4 (41. Bb3 Bxf2 $140
42. Qh8 $1 $16) 41... Qc6+ 42. Kg3 Bxf2+ $2 {The true comedy of errors in a
very critical moment in the match. White's horrible blunder on 41.move has
completely turned the tables and black was even winning after 42...Qe4!} (42...
Qe4 $1 43. Qxh7+ Kf8 44. Qh6+ Ke8 45. f3 Qc2 (45... Qe1+ 46. Kg4 Qg1+ 47. Kf4
Qh2+ 48. Kg4 (48. Ke4 Qe5+ 49. Kd3 Qe3+ 50. Kc2 Qe2+ 51. Kc1 Be3+ 52. Kb1 Qd1+
53. Kb2 Bd4#) 48... Qc2 $19) 46. Bxe6 Be5+ 47. f4 Qd3+ 48. Kg4 Qe2+ 49. Kg3
Qe3+ 50. Kg2 Qe4+ 51. Kf2 Bd4+ $19) 43. Kxf2 Qc2+ 44. Ke3 1/2-1/2

[Event "EU-chT (Men) 17th"]
[Site "Novi Sad"]
[Date "2009.10.25"]
[Round "4"]
[White "Gashimov, Vugar"]
[Black "Roiz, Michael"]
[Result "1-0"]
[WhiteElo "2740"]
[BlackElo "2658"]
[Annotator "Gashimov,V"]
[PlyCount "79"]
[EventDate "2009.10.22"]
[EventType "team-swiss"]
[EventRounds "9"]
[EventCountry "YUG"]
[SourceTitle "CBM 133"]
[Source "ChessBase"]
[SourceDate "2009.11.19"]
[SourceVersion "1"]
[SourceVersionDate "2009.11.19"]
[SourceQuality "1"]
[WhiteTeam "Azerbaijan"]
[BlackTeam "Israel"]
[WhiteTeamCountry "AZE"]
[BlackTeamCountry "ISR"]

1. e4 e5 2. Nf3 Nc6 3. Bb5 a6 4. Ba4 Nf6 5. O-O Be7 6. Re1 b5 7. Bb3 d6 8. c3
O-O 9. d4 {Previously, I had always played 9.h3, but before the game I decided
to play this way, because my opponent had played very few games in this
variation.} Bg4 10. d5 Na5 11. Bc2 c6 12. h3 Bc8 13. dxc6 Qc7 14. Nbd2 Qxc6 15.
Nf1 Re8 16. Ng3 Be6 17. Ng5 Bd7 18. a4 {More common is 18.Qe2.} Nc4 $6 19. b3
Nb6 (19... Na5 20. Bd2 {[%csl Ga5]}) 20. a5 {With the queen on e2, Black would
have the possibility of taking on c3.} Nc8 (20... Qxc3 $2 21. Bd2 $18) 21. Bd2
Bd8 22. Bd3 Ne7 23. c4 Qb7 24. Nf3 $1 (24. Qe2 $5 h6 25. Nf3 bxc4 26. Bxc4 Bc7
{[%cal Gd6d5]}) 24... b4 $2 {It is hard for Black to find a good move, because
his position is bad, but even so, my opponent would not have played this way,
if he had seen my next move.} 25. c5 $1 dxc5 (25... Nc6 26. cxd6 Qb8 27. Be3
Qxd6 28. Re2 $1 Bxa5 29. Rd2 Qc7 30. Bg5 $16) 26. Nxe5 {Now Black's postion
collapses.} Bc7 27. Nxd7 Nxd7 28. f4 Nf8 29. Bc4 Rad8 30. e5 Nc6 31. Nf5 (31.
Ne4 $5 Nxa5 32. Rxa5 Bxa5 33. Qg4 $40) 31... Nxa5 (31... Ne6 32. Qg4 Rxd2 33.
Bxe6 g6 34. Nh6+ Kg7 35. Bxf7 $16) 32. Rxa5 $1 {Material is not of great
significance in such positions.} Bxa5 33. Qg4 g6 (33... Ng6 34. Be3 $140 {
[%cal Gh3h5]}) 34. Nh6+ Kg7 35. f5 Ne6 (35... Rxd2 36. f6+ Kh8 37. Nxf7+ Kg8
38. Nd6+ $18) 36. fxe6 Rxd2 37. exf7 Rf8 38. e6 Bd8 39. Nf5+ Kh8 40. Qg3 1-0

[Event "Zuerich op-A 27th"]
[Site "Zuerich"]
[Date "2003.12.29"]
[Round "5"]
[White "Handke, Florian"]
[Black "Golod, Vitali"]
[Result "0-1"]
[WhiteElo "2476"]
[BlackElo "2544"]
[Annotator "Golod,V"]
[PlyCount "98"]
[EventDate "2003.12.26"]
[EventType "swiss"]
[EventRounds "7"]
[EventCountry "SUI"]
[SourceTitle "CBM 097 Extra"]
[Source "ChessBase"]
[SourceDate "2004.01.13"]
[SourceVersion "1"]
[SourceVersionDate "2004.01.13"]
[SourceQuality "1"]

{This game has not come in Mega Database 2004 and TWIC, she is published for
the first time.} 1. e4 e5 2. Nf3 Nc6 3. Bb5 a6 4. Ba4 Nf6 5. O-O Be7 6. Re1 b5
7. Bb3 d6 8. c3 O-O 9. d4 {It's first game of my contender in this variation 
(I have checked up it in Mega DataBase 2004).} Bg4 10. Be3 ({In the last ten
years is more popular:} 10. d5) 10... exd4 11. cxd4 Na5 12. Bc2 c5 13. dxc5 $6
({In last years,White has a excellent statistics in main line of this
variation:} 13. h3 $5 {You can see annotations to Sedlak,N-Pavasovic,D/Terme
Zrece,2003/CBM 97(1-0)(Wedberg,T)(40)}) 13... dxc5 {After this exchange of the
pawns,White can not hope,even,for minimal advantage.} 14. Nbd2 ({I do not
think that it was much better:} 14. e5 Nd5 15. Qd3 g6 {[%csl Rc2,Rd3][%cal
Gg4f5,Gd5e3]}) 14... Nc6 {It's the most logical reaction to the previous move
of White.} 15. Qb1 $6 {[%csl Gb1,Gc2,Rh7][%cal Ge4e5] The pleased doubtful
decision,but White still has a equality.} (15. h3 $142 Bxf3 $1 16. Nxf3 (16.
Qxf3 Nb4 17. Bb1 Nd3 $11) 16... Nb4 {[%csl Rc2][%cal Gb4c2]} 17. Bb1 Qxd1 18.
Rxd1 Rad8 $11) 15... h6 {[%csl Yh6,Rh7][%cal Yh6g5,Yh7h6] In this position
also four times were checked:} (15... Qc7) ({and} 15... Nd7) 16. e5 ({Twice in
previous games, was checked up the following dubious continuation:} 16. h3 Be6
17. e5 (17. a3 Qc7 18. Nf1 Rfd8 {=/=/+ Adla,D-Servat,R/Buenos Aires,1994(1/2-1/
2)(41)}) 17... Nd5 18. Nf1 Qc7 {=/=/+ Imanaliev,T-Moldobaev,E/Frunze,1989(1/
2-1/2)(32)}) 16... Nd5 $11 17. Be4 $6 $146 {This novelty is the "harbinger" of
active actions in this game.} (17. Bh7+ $142 Kh8 $140 18. Bf5 {and White still
has a equality:} Bxf5 19. Qxf5 Qc8 20. Qe4 $11 (20. Qh5 $143 Qe6 {=/=/+ Rotman,
D-Liss,E/Tel Aviv,1994(1-0)(56)})) ({A little bit worse to play at once:} 17.
Bf5 Bxf5 18. Qxf5 Qc8 19. Qh5 (19. Qe4 $142) 19... Qe6 $15 {Celis,G-Toloza,P/
Buenos Aires,1995(1-0)(42)}) 17... Rc8 {[%csl Yc8][%cal Yc8c6,Gc5c4] =/=/+} 18.
Bxh6 $2 {[%mdl 512] All in attack! White have lifted a piracy flag!} gxh6 (
18... Bxf3 $2 {is refuted by:} 19. Nxf3 gxh6 20. Rd1 {[%csl Gd1,Rd5,Rd8,Ge4]})
19. Bf5 Bxf5 ({Very badly:} 19... Bh5 $2 {in view of:} 20. g4 {[%csl Gb1,Gf5,
Gg4,Rg6,Rh5][%cal Gg4h5,Gf5g6]}) 20. Qxf5 {[%cal Ge1e4,Ge4g4]} Nd4 $1 {[%csl
Yc8][%cal Yc8c6,Yc6h6] It was necessary to involve the rook "c8" in defence.}
21. Nxd4 cxd4 22. Re4 Nb4 $1 $17 {[%csl Yb4,Gd4][%cal Yb4d3,Yb4c2,Gd4d3,Yc2e1]
This very successful place for my knight.This move is much better,than:} (22...
Rc6 $6 23. Rxd4 {[%csl Rd5,Rd8]}) ({or} 22... Qb6 $6 23. e6 Rcd8 (23... Nf6 $6
24. exf7+ {[%csl Rc8,Re7]} Kxf7 $8 25. Nf3 $40 {[%cal Ga1e1]}) 24. Rae1 $44)
23. Qh5 $6 ({It was necessary to take away of the pawn "d4":} 23. Qg4+ Kh8 24.
Rxd4 Qb6 $1 (24... Qc7 $6 25. Qh5 Qc6 26. Rd6 $1 {[%csl Yc6,Gh5,Rh6]} Qc2 {
[%csl Yc2][%cal Yc2h7]} (26... Bxd6 $2 27. Qxh6+ Kg8 28. Qg5+ Kh7 29. Qh5+ $11)
27. Rxh6+ Kg7 28. Rf6 $1 {[%csl Rg7]} Qh7 $1 (28... Qxd2 $2 29. Qg4+ Kh7 30.
Qh5+ $11 {[%csl Rh7]}) (28... Bxf6 $2 29. exf6+ Kxf6 30. Qh4+ {[%csl Rb4,Rf6]}
Kg7 31. Qg4+ $1 Qg6 $140 32. Qxb4 $11) 29. Qg4+ Kh8 30. Rf3 {[%csl Rh7,Rh8]
[%cal Gf3h3]} Rc6 $15 {[%csl Yc6][%cal Yc6h6]} (30... Rg8 $6 31. Qd7 $44 {
[%csl Re7]}) {And now badly:} 31. Qd7 {in view of:} Re6 $1 32. Rh3 $140 Qxh3
33. gxh3 Rd8 $17 {[%csl Rd2,Rd7,Gd8]}) 25. Rxb4 Rg8 $1 {The important
intermediate move.Now this rook does not remain without protection on a point
"f8".This resource was found by Florian Handke.} 26. Qe4 (26. Qd4 $144 Bc5)
26... Bxb4 27. Qxb4 Rc2 $17) (23. a3 $2 Nc2 $1 {[%csl Ra1,Yc2,Gd4][%cal Yc2e1]
Here my N reliably covers the White's R ''a1" and also supports a P "d4":} 24.
Rc1 d3 {[%csl Gc2,Yd3][%cal Yd3c2]} 25. Qh5 Qb6 26. e6 Bg5 $1 {[%csl Gb6,Rc1,
Rd2,Rg1,Gg5]} 27. Rd1 {[%csl Yd1][%cal Yd1d2]} Nd4 $19 {[%csl Re6][%cal Gd4e2,
Gd4e6]}) 23... Rc6 {[%csl Yc6][%cal Yc6g6]} 24. e6 {[%tqu "En","Find the best
defence for Black?","","","d8e8","My queen,by the most unexpected image,is
connected to protection of the king side.",10]} Qe8 $3 {[%csl Re4,Ye8,Rh5]
[%cal Gf7f5] My queen,by the most unexpected image,is connected to protection
of the king side.} 25. Rg4+ ({Can it was necessary to decide on:} 25. Qxh6 Rxe6
26. Rxe6 fxe6 27. Qxe6+ Qf7 28. Qg4+ {[%csl Rd4,Rg8]} Qg7 {[%csl Yg7]} 29. Qe6+
Kh8 $17) 25... Kh7 26. Qe5 $138 ({Immediately loses a game:} 26. Qf5+ Kh8 27.
Qe5+ f6 28. Qf4 Qh5 $19 {[%csl Yh5]}) 26... Rg8 $1 {Only this move leads to a
win!} ({Initially my contender wrongly hoped on:} 26... Bg5 $2 27. Rxg5 $1 hxg5
$140 28. Qf5+ Kh6 29. Qf6+ Kh7 (29... Kh5 $4 30. Ne4 {[%csl Rh5] with mate in
5 moves.}) 30. Qf5+ $11) (26... f6 $2 27. Qf5+ Kh8 28. Rg6 {[%csl Rh8][%cal
Gg6h6]} Kh7 29. Rg4+ (29. Rxf6+ $2 Kg7 $17) 29... Kh8 30. Rg6 $11) 27. Qf5+ Rg6
28. exf7 Qc8 $1 {[%csl Rf5,Rg4] (<->c; /^c8-h3) I expected for this move,when
I made 24...Qe8} 29. Qxc8 $8 (29. f8=Q $143 Qxf8 30. Qxf8 Bxf8 31. Rxd4 Rc2 $19
{[%csl Ra2,Rb2]}) 29... Rxc8 30. Rxd4 (30. Re4 $143 Bf8 31. Re8 Rgc6 $19 {
[%csl Rf7,Yh7][%cal Yh7g7,Gc6c1]}) 30... Nc2 $1 {[%csl Ra1,Rd4] I made this
move in the most suitable moment.} 31. Rc1 $140 Nxd4 32. Rxc8 Rc6 $1 {[%csl
Rc8,Rg1]} 33. Rxc6 $8 (33. f8=Q $143 Bxf8 $19 34. Rxf8 $140 $4 Rc1+ 35. Nf1
Ne2+ 36. Kh1 Rxf1#) 33... Nxc6 $19 {The rest is easy without comments.} 34. f4
Kg7 35. Ne4 Nb4 36. a3 Nd3 {[%csl Rb2,Rf4]} 37. f5 {[%csl Re7,Gf7,Rg7][%cal
Gf5f6]} Kxf7 38. b4 Ne5 39. h4 $2 $138 Bxh4 40. Nc5 Nc4 41. Nxa6 Nxa3 {[%csl
Rf5][%cal Gf7f6,Gf6g5,Gf6f5]} 42. g4 Be7 $5 43. Kf2 $140 Bd6 {[%csl Ra6,Rb4,
Yd6][%cal Yd6b8,Yd6c5,Ga3c2]} 44. Nc5 Bxc5+ 45. bxc5 b4 46. c6 Nb5 47. Ke3 b3
48. Kd2 Ke7 49. Kc1 Kd6 {[%csl Gb3,Yb5,Rc6,Yd6,Rf5,Rg4,Gh6][%cal Yb5d4,Yd4b3]}
0-1

[Event "Hastings 9798"]
[Site "Hastings"]
[Date "1997.12.29"]
[Round "1"]
[White "McShane, Luke J"]
[Black "Hebden, Mark"]
[Result "0-1"]
[WhiteElo "2455"]
[BlackElo "2575"]
[Annotator "Hansen,LB"]
[PlyCount "70"]
[EventDate "1997.12.29"]
[EventType "tourn"]
[EventRounds "9"]
[EventCountry "ENG"]
[EventCategory "13"]
[SourceTitle "CBM 063"]
[Source "ChessBase"]
[SourceDate "1998.03.26"]
[SourceVersion "1"]
[SourceVersionDate "1998.03.26"]
[SourceQuality "1"]

1. e4 e5 2. Nf3 Nc6 3. Bb5 a6 4. Ba4 Nf6 5. O-O Be7 6. Re1 b5 7. Bb3 O-O 8. d4
d6 9. c3 Bg4 10. d5 Na5 11. Bc2 Qc8 12. h3 Bd7 13. Nbd2 c6 14. b4 $5 {An
interesting idea, but I don't think it should worry Black.} (14. dxc6 Bxc6 (
14... Nxc6 15. Nf1 h6 16. Ne3 Rd8 17. Nh2 Be6 18. Nd5 Bxd5 19. exd5 Na5 {
1/2-1/2 Ciocaltea,V-Beliavsky,A/Bucharest 1980/MCL 07}) 15. b4 $5 {Huzman} (15.
Nf1 Nc4 16. Ng3 g6 17. Qe2 Qb7 18. a4 Rfc8 19. b3 Nb6 20. a5 Nbd7 21. Bd2 d5 $1
$15 {Adams,M-Ivanchuk,V/Linares/1997/}) 15... Nb7 (15... Nc4 16. Nxc4 bxc4 17.
Bg5 $14) 16. Nf1 Nd8 17. Ng3 Ne6 (17... g6 18. Bb3 $14) 18. Bb3 Rd8 19. Qe2 (
19. Ng5 $5 Ra7 20. Nxe6 fxe6 $13) 19... Ra7 20. Ng5 (20. Bd2 $5 {/\ a4}) 20...
d5 21. Nxe6 (21. exd5 Bxd5 22. Qxe5 $6 Bxb3 23. axb3 Rd5 24. Qe3 Rc7 25. Nxe6
Rxc3 $132) 21... Qxe6 22. Be3 Rb7 23. Rad1 h6 24. Rd2 {/\ Red1+/=}) 14... Nb7 (
14... Nc4 15. Nxc4 bxc4 $13 16. dxc6 Qxc6 17. a4 h6 18. Nd2 Be6 19. Nf1 Rfe8
20. Qf3 d5 21. exd5 Bxd5 22. Qg3 Nh5 23. Qg4 Nf6 24. Qg3 Bf8 25. Ne3 Be4 26.
Bxe4 Qxe4 27. Bb2 Qc6 28. Qf3 e4 {(1.08/1.42) 1/2-1/2 Martens,M-Van der
Sterren,P/Wijk-B 1991/CBM 22}) 15. dxc6 Qxc6 (15... Bxc6 {= 14.dxc6 Bxc6 15.b4
Nb7}) 16. Bb2 Nd8 $1 {/\ Nd8-e6-f4} 17. Bd3 Ne6 18. c4 Qb7 (18... Nf4 19. Bf1
Qb6 20. c5 $6 dxc5 21. Bxe5 Ng6 22. Bxf6 Bxf6 23. bxc5 Qxc5 24. e5 Be7 25. Nb3
Qa7 $15 {^^; Movsesian,S-Sokolov,I/EU chT Pula/1997/}) 19. a3 Rac8 20. Rc1 Nf4
$15 21. Bb1 Rfe8 22. c5 $6 {This opening of the centre favors Black due to his
more actively placed pieces.} dxc5 23. bxc5 Bxc5 24. Bxe5 N6h5 $36 {>< wK, Pa3}
25. Ba2 $2 {>< d3} (25. Nb3 $142) 25... Bxf2+ $1 $19 (25... Bxa3 $140 $2 26.
Bxf7+ Kxf7 27. Rxc8 Rxc8 28. Qb3+) 26. Kxf2 Rxc1 27. Bxf7+ $5 {The only chance.
} (27. Qxc1 $2 Nd3+ $19) 27... Kxf7 28. Qb3+ Be6 29. Ng5+ Kg6 $1 30. Nxe6 Qb6+
31. Bd4 Qxe6 32. Rxc1 Qxb3 33. Nxb3 Nd3+ 34. Ke3 Nxc1 35. Nxc1 Ng3 (35... Ng3
36. e5 Nf5+ 37. Ke4 Nxd4 38. Kxd4 Kf5 39. Nd3 Rd8+ 40. Ke3 Rxd3+ 41. Kxd3 Kxe5
42. Kc3 a5 $19) 0-1

[Event "RUS-ch"]
[Site "Elista"]
[Date "1996.??.??"]
[Round "9"]
[White "Yemelin, Vasily"]
[Black "Balashov, Yuri S"]
[Result "1/2-1/2"]
[WhiteElo "2460"]
[BlackElo "2530"]
[Annotator "Hansen,LB"]
[PlyCount "39"]
[EventDate "1996.10.15"]
[EventType "swiss"]
[EventRounds "11"]
[EventCountry "RUS"]
[SourceTitle "CBM 056"]
[Source "ChessBase"]
[SourceDate "1997.02.01"]
[SourceVersion "1"]
[SourceVersionDate "1997.02.01"]
[SourceQuality "1"]

1. e4 e5 2. Nf3 Nc6 3. Bb5 a6 4. Ba4 Nf6 5. O-O Be7 6. Re1 b5 7. Bb3 d6 8. c3
O-O 9. d4 {Yemelin s pet line against the Ruy Lopez.} Bg4 10. d5 Na5 11. Bc2 c5
$5 {Interesting! After 11.-, c6 White usually plays 12. h3 to ask the B before
taking on c6. Now after 12. dc6 Black can answer a later h2-h3 by Be6. The
drawback of 11.-, c5 is that Black is now forced to play a Chigorin variation,
which is not to everybodys liking.} 12. Nbd2 g6 13. h3 Bd7 14. Nf1 (14. b3 $5 {
>< Nb7}) 14... Nh5 15. Bh6 Ng7 16. g4 $5 Nc4 17. b3 Nb6 18. a4 c4 $1 $132 19.
axb5 axb5 20. Ne3 1/2-1/2